| 000 | 00440nam a22001697a 4500 | ||
|---|---|---|---|
| 005 | 20230309061854.0 | ||
| 008 | 230309b |||||||| |||| 00| 0 eng d | ||
| 020 | _a978-1-84403-974-6 | ||
| 082 | _a530 Sw972 2018 | ||
| 100 |
_aSwan, Russ _eauthor |
||
| 245 |
_aThe physics behind / _cRuss Swan |
||
| 260 |
_aGreat Britain: _bCassell, _cc2018 |
||
| 300 |
_a191p. _bcol. ill. |
||
| 504 | _aIncludes index | ||
| 541 | _e6948 | ||
| 650 | _aPhysics | ||
| 999 |
_c1680 _d1680 |
||